000 00396nam a2200169Ia 4500
008 221030s9999 xx 000 0 und d
020 _a8131708756
041 _aEnglish
082 _a105.23
100 _aJ. W. Mark
245 0 _aWireless Communications & Networking
260 _bPearson Edcuation
_aNew Delhi
_c2007
300 _a356
650 _aECE
700 _aW. Zhuang
942 _cBK
999 _c5762
_d5762